000 00440nam a22001697a 4500
003 NUST - PNEC
005 20170116181000.0
008 150912b xxu||||| |||| 00| 0 eng d
020 _a-
040 _cLIBRARY
082 _a621.38151 NEE
100 _99465
_aNeeteson, P. A.
245 _aAnalysis of bistable multivibrator operation
_cP. A. Neeteson
260 _cc.1956
650 _99470
_aElectrical Operation
_xEE
942 _2ddc
_cBK
999 _c66676
_d66676